000 01270cam a22003734i 4500
001 17917337
003 OSt
005 20260416090219.0
008 131024s2015 nyua b 001 0 eng
010 _a 2016054719
020 _a9781259548147
_qalk. paper
020 _a1259548147
_qalk. paper
035 _a17917337
040 _aDLC
_beng
_cDLC
_erda
042 _apcc
050 0 0 _aHF5823
_b.B387 2018
082 0 0 _a659.1
_223
100 1 _aBelch, George E.
_q(George Edward),
_d1951-
245 1 0 _aAdvertising and promotion :
_ban integrated marketing communications perspective /
_cGeorge E. Belch & Michael A. Belch, both of San Diego State University.
250 _a11e.
264 1 _aNew York, NY :
_bMcGraw-Hill,
_c[2018]
300 _axli, 764 pages :
_bcolor illustrations ;
_c29 cm
336 _atext
_2rdacontent
337 _aunmediated
_2rdamedia
338 _avolume
_2rdacarrier
504 _aIncludes bibliographical references and indexes.
650 0 _aAdvertising.
650 0 _aSales promotion.
650 0 _aCommunication in marketing.
700 1 _aBelch, Michael A.
906 _a7
_bcbc
_corignew
_d1
_eecip
_f20
_gy-gencatlg
942 _2lcc
_cBK
999 _c266195
_d266194